Normal view MARC view

Entry Corporate Name

Number of records used in: 1

001 - CONTROL NUMBER

  • control field: 618005

003 - CONTROL NUMBER IDENTIFIER

  • control field:

005 - DATE AND TIME OF LATEST TRANSACTION

  • control field: 20210603145541.0

008 - FIXED-LENGTH DATA ELEMENTS

  • fixed length control field: 210603|| aca||aabn | a|a d

040 ## - CATALOGING SOURCE

  • Original cataloging agency:
  • Transcribing agency:

110 ## - HEADING--CORPORATE NAME

  • Corporate name or jurisdiction name as entry element: Special publication (United States. Bureau of Mines)

670 ## - SOURCE DATA FOUND

  • Source citation: Work cat.: (): Wang, K. P. (Kung-ping), 1919- 390980, The People's Republic of China :, 1975
                                                                           
web counter

Copyright ©2020 The National Library of India, Govt. of India ↔ Hosted by NVLI, MOC ↔ Technology and Design by National Library of India, Ministry of Culture, Govt. of India